00945nam a22002292 45000010005000000030006000050050017000110080041000280200015000690350023000840400018001070410008001250820026001331110104001592450215002632600046004783000034005245000032005586500037005906530046006277000042006736555UkOxU20211208234251.0110114s1972 enka 100 0 eng d a044400128X a(OCoLC)ocm16257614 aUKMcUKMbeng aeng0 a388.314218bTRA 19722 aInternational Symposium on the Theory of Traffic Flow and Transportationn(5th :d1971 :cBerkeley)10aTraffic flow and transportation :bproceedings of the Fifth International Symposium on the Theory of Traffic Flow and Transportation, held at Berkeley, California, June 16-18 1971 /cedited by Gordon F. Newell. aNew York ;a[Barking] :bElsevier,c1972. axiv, 453 p. :bill. ;c24 cm. aTitle page imprint: London. 0aTraffic engineeringxCongresses. aRoad trafficaFlow Conference proceedings1 aNewell, G. F.q(Gordon Frank),d1925-